Представление документа в формате MARC21

Поле Инд. ПП Название Значение
Тип записи a
Библиографический уровень m
001 Контрольный номер f5094620-72cc-4447-8888-c5b8eb5da52c
005 Дата корректировки 20131112063624.1
008 Кодируемые данные 000218 d
020 a ISBN 5-86225-726-8
040 a Служба первич. каталог. НБ ТвГУ
041 a Код языка текста rus
080 a Индекс УДК 339.727.2:34
084 a Индекс другой классификации/Индекс ББК Х622.0
a Индекс другой классификации/Индекс ББК Х623.21
a Индекс другой классификации/Индекс ББК Х621.14
090 x Авторский знак К43
a Полочн. индекс Х622.0
100 1_ a Автор Кирин Анатолий Вадимович
245 0_ a Заглавие Правовые основы отношений государства и инвесторов
c Ответственность А.В. Кирин
260 0_ a Место издания Москва
b Издательство ИНФРА-М
c Дата издания 1998
300 a Объем 266,[1] с.
440 a Серия Экон.-прав. досье
650 a Основная рубрика Инвестиции
x Основная подрубрика Правовое регулирование
z Географическая подрубрика Российская Федерация
653 a Ключевые слова Инвестиции
a Ключевые слова Инвестиционное право
954 a Дата поступления на обработку 20000218
999 a Подразделение 2 Каб.УиС